| 000 | 02182nam a22003617a 4500 | ||
|---|---|---|---|
| 999 |
_c21844 _d21844 |
||
| 003 | AR-CdUCM | ||
| 008 | 190425b ||||| |||| 00| 0 spa d | ||
| 040 |
_aMUNICIPALIDAD PROVINCIAL DEL CUSCO _cBIBLIOTECA MUNICIPAL DEL CUSCO |
||
| 082 | _aRev.Andi/N°22/1993 | ||
| 110 |
_aCentro Bartolomé de Las Casas _93293 |
||
| 245 |
_aRevista andina / _cCentro de estudios rurales andinos Bartolomé de Las Casas Cusco |
||
| 260 |
_aCusco : _bCentro Bartolomé de Las Casas, _c1993. |
||
| 300 |
_a271-544 páginas. : _c23 cm. |
||
| 440 |
_aPublicación Semestral del Centro Bartolomé de Las Casas Cusco. _nAño 11, Número 22, N°2, Segundo semestre 1993. _946395 |
||
| 500 | _aDemocracia y modernidad | ||
| 505 | _aContenido: Ciudadanos periféricos y demos dividido. Bruno Revesz. --Los lobos hambrientos y el tributo a Dios conflictos sociales en torno a los diezmos en Charcas colonial. Rossana Barragán, Sinclair Thomson. -- Protección divina y perdición liberal, poéticas del intercambio en el Potosí del siglo XIX. Tristan Platt. -- El bien común como pretexto del presidente José de Araujo para crear una compañía de soldados y prohibir el aguardiente de caña en Quito en 1737. Luis J. Ramos Gómez. -- El comercio de esclavos en Cuzco segunda mitad del s. XVII. Jean-Pierre Tardieu. -- Lenguas del nororiente peruano la hoya de Jaén en el siglo XVI. Alfredo Torero. -- Siku. José Pérez de Arce. -- Monopolio, comercio directo y fraude: la elite mercantil de Lima en la primera mitad del siglo XVII. Margarita Suárez. -- Confusión en las Andes. Javier Flores Espinoza. | ||
| 650 |
_aDiezmos _946396 |
||
| 650 |
_aLenguas indígenas _946330 |
||
| 650 |
_aEsclavitud _9802 |
||
| 650 |
_aMonopolio comercial _946397 |
||
| 650 |
_aÉpoca colonial _946398 |
||
| 700 |
_aRevesz, Bruno _911883 |
||
| 700 |
_aBarragán, Rossana _93604 |
||
| 700 |
_aPlatt, Tristan _97128 |
||
| 700 |
_aRamos Gómez, Luis _946399 |
||
| 700 |
_aTardieu, Jean Pierre _946400 |
||
| 700 |
_aTorero, Alfredo _92062 |
||
| 700 |
_aPérez de Arce, José _946401 |
||
| 700 |
_aSuárez, Margarita _946402 |
||
| 700 |
_aFlores Espinoza, Javier _97794 |
||
| 942 |
_2ddc _cPP |
||
| 945 | _arac | ||